000
003200000a22001330004500
020
_a
0-451-15170-4
082
0
4
_a
GI RT W670g
100
1
_a
Williams, Tennessee
245
1
0
_a
The Glass Menagerie / Tennssee Williams
260
_a
New York : New American Library Beascoa
300
_a
137 P.
001
36
942
_c
LGB
999
_c
47296
_d
47296